[Event "MNT CupT"]
[Site "Cetinje"]
[Date "2023.07.10"]
[Round "3.4"]
[White "Skvortsov, Andrei"]
[Black "Grbovic, Veselin"]
[Result "1-0"]
[WhiteElo "2307"]
[BlackElo "2208"]
[PlyCount "67"]
[EventDate "2023.07.09"]
[EventType "team-swiss"]
[EventRounds "5"]
[EventCountry "MNE"]
[SourceTitle "CBM 215 Extra"]
[Source "ChessBase"]
[SourceDate "2023.09.30"]
[SourceVersion "1"]
[SourceVersionDate "2023.09.30"]
[SourceQuality "1"]
[WhiteTeam "Dama"]
[BlackTeam "Niksic"]
[WhiteTeamCountry "MNE"]
[BlackTeamCountry "MNE"]

1. e4 c5 2. d4 cxd4 3. Qxd4 Nc6 4. Qd3 e6 5. Nc3 a6 6. Bf4 d6 7. Nf3 e5 8. Bg5 f6 9. Be3 Be6 10. Nd5 Bxd5 11. exd5 Na7 12. Qb3 Qd7 13. h4 Ne7 14. Bd3 g6 15. h5 g5 16. h6 Ng8 17. Nd2 Nxh6 18. Ne4 Ng8 19. g4 Nc8 20. 0-0-0 b5 21. Ng3 Nh6 22. f3 Ne7 23. Ne4 Kf7 24. Rd2 Nhg8 25. Rdh2 h6 26. Ng3 Qb7 27. c4 Rb8 28. Ne4 Ng6 29. cxb5 axb5 30. Kb1 Nh4 31. Rc2 Nxf3 32. Rhc1 Be7 33. Rc7 Qa6 34. Ra7 1-0

[Event "MNT-chT"]
[Site "Cetinje"]
[Date "2010.07.24"]
[Round "1"]
[White "Milovic, Jovan"]
[Black "Grbovic, Veselin"]
[Result "1-0"]
[WhiteElo "2311"]
[BlackElo "2253"]
[PlyCount "110"]
[EventDate "2010.07.24"]
[EventType "team-swiss"]
[EventRounds "9"]
[EventCountry "MNE"]
[SourceTitle "CBM 137 Extra"]
[Source "ChessBase"]
[SourceDate "2010.09.01"]
[SourceVersion "1"]
[SourceVersionDate "2010.09.01"]
[SourceQuality "1"]

1. d4 e6 2. c4 d5 3. Nc3 Nf6 4. Bg5 Be7 5. e3 h6 6. Bxf6 Bxf6 7. Nf3 0-0 8. Qc2 c6 9. cxd5 cxd5 10. Bd3 Nc6 11. a3 Bd7 12. 0-0 Rc8 13. Qe2 a6 14. Rac1 g6 15. Nd2 Be7 16. f4 b5 17. g4 b4 18. axb4 Nxb4 19. Bb1 Kg7 20. Rf2 Rh8 21. Rcf1 f6 22. h4 Be8 23. Rg2 Kf8 24. h5 g5 25. fxg5 hxg5 26. Nf3 Kg7 27. h6+ Rxh6 28. Rh2 Qd6 29. Rxh6 Qg3+ 30. Kh1 Kxh6 31. Nh2 Bg6 32. Rf3 Qb8 33. Rh3+ Kg7 34. Bxg6 Kxg6 35. e4 Qa8 36. exd5 Nxd5 37. Qe4+ Kf7 38. Nf3 Nf4 39. Rh7+ Ke8 40. d5 Rxc3 41. Rxe7+ Kxe7 42. d6+ Kxd6 43. Qxa8 Rc1+ 44. Kh2 Rc2+ 45. Kg1 Rxb2 46. Qd8+ Kc6 47. Qc8+ Kd6 48. Qxa6+ Kd7 49. Qa4+ Kc7 50. Qc4+ Kb7 51. Nd4 Rb6 52. Nb3 Rd6 53. Na5+ Kb6 54. Qb4+ Ka6 55. Qxd6+ Kxa5 1-0

[Event "MNT-chT"]
[Site "Cetinje"]
[Date "2009.10.24"]
[Round "8"]
[White "Grbovic, Veselin"]
[Black "Petovic, Luka"]
[Result "1/2-1/2"]
[WhiteElo "2264"]
[BlackElo "2032"]
[PlyCount "72"]
[EventDate "2009.09.18"]
[EventType "team-tourn"]
[EventRounds "9"]
[EventCountry "MNE"]
[SourceTitle "EXT 2011"]
[Source "ChessBase"]
[SourceDate "2010.11.26"]
[SourceVersion "1"]
[SourceVersionDate "2010.11.26"]
[SourceQuality "1"]

1. e4 c5 2. Nf3 d6 3. d4 cxd4 4. Nxd4 Nf6 5. Nc3 a6 6. g3 Bd7 7. Bg2 Nc6 8. 0-0 Rc8 9. h3 g6 10. Nce2 Bg7 11. Be3 0-0 12. Qd2 Qc7 13. Rac1 Rfd8 14. c4 Qb8 15. Rc2 Nxd4 16. Bxd4 Bc6 17. Bb6 Re8 18. Nc3 Nd7 19. Bd4 b5 20. Bxg7 Kxg7 21. cxb5 axb5 22. Rfc1 Qb7 23. Nd5 Bxd5 24. exd5 Rxc2 25. Qxc2 b4 26. Qc6 Rb8 27. h4 Ne5 28. Qxb7 Rxb7 29. b3 Kf6 30. Kf1 Nd3 31. Rc2 Ke5 32. Ke2 Nc5 33. Ke3 f5 34. f4+ Kf6 35. Kd4 Rb8 36. Bf3 h5 1/2-1/2

[Event "MNT CupT"]
[Site "Montenegro"]
[Date "2009.04.26"]
[Round "3"]
[White "Grbovic, Veselin"]
[Black "Draganic, Veljko"]
[Result "1-0"]
[WhiteElo "2262"]
[BlackElo "2270"]
[PlyCount "99"]
[EventDate "2009.04.05"]
[EventType "team"]
[EventRounds "5"]
[EventCountry "MNE"]
[SourceTitle "EXT 2019"]
[Source "ChessBase"]
[SourceDate "2018.10.10"]
[SourceVersion "1"]
[SourceVersionDate "2018.10.10"]
[SourceQuality "1"]

1. e4 c6 2. d4 d5 3. Nc3 dxe4 4. Nxe4 Nd7 5. Nf3 Ngf6 6. Nxf6+ Nxf6 7. Be2 Bg4 8. 0-0 e6 9. c3 Be7 10. Ne5 Bxe2 11. Qxe2 0-0 12. Re1 c5 13. dxc5 Bxc5 14. Bg5 Be7 15. Rad1 Nd5 16. Bxe7 Qxe7 17. Ng6 hxg6 18. Rxd5 Rfd8 19. Red1 Rxd5 20. Rxd5 Rd8 21. Rxd8+ Qxd8 22. h3 Qd5 23. c4 Qd4 24. b3 e5 25. Kh2 f5 26. Qe3 Qxe3 27. fxe3 g5 28. e4 f4 29. b4 Kf7 30. Kg1 Ke6 31. Kf1 Kd6 32. Ke2 g4 33. hxg4 Kc6 34. g5 g6 35. Kd3 Kb6 36. Kc3 a5 37. Kb3 Ka6 38. c5 Kb5 39. a4+ Kc6 40. Kc4 axb4 41. Kxb4 Kd7 42. Kb5 Kc7 43. a5 f3 44. gxf3 Kd7 45. Kb6 Kc8 46. c6 Kb8 47. a6 bxa6 48. Kxa6 Kc8 49. Kb6 Kb8 50. Kc5 1-0